Angela Jakubisová

Bibliographic Details
Main Author: Jaborník, Ján, 1942-2010 (Author)
Format: Article
Language:Slovak
PhysicalDescription:Obr.
Subjects:

MARC

LEADER 00000nab a2200000 a 4500
001 vtls009472568
003 SK-MaSNL
005 20260304151714.0
008 250506c1974 xo |r|p|||||||000 b|slo
015 |a SNBRB1974 
035 |a (uuid)729b139c-2efb-4eba-9bec-792cbe5851f9 
035 |a urn:nbn:sk:snk-ab1srk 
035 |a (urnnbn)urn:nbn:sk:snk:ar-a00lpn 
038 |a SNKBUCL 
040 |a SNKBUCL  |b slo  |c SNKBUCL  |e AACR2 
041 0 |a slo 
044 |a xo  |c SK 
080 |a 792.071.2  |2 1997 
100 1 |a Jaborník, Ján,  |d 1942-2010  |4 aut  |9 103550 
245 1 0 |a Angela Jakubisová  |c J. Jaborník 
300 |b Obr. 
600 1 7 |a Jakubisová, Angela,  |d 1914-1991  |2 snkbucl  |9 168578 
655 7 |a profily  |2 snkbucl  |9 341977 
773 0 |t Javisko  |g Roč. 6, č. 5 (1974), s. 150 
850 |a Slovenská národná knižnica 
852 |a Slovenská národná knižnica 
954 |a odborná, vedecká literatúra pôvodná (slovenská)  |2 lita 
958 |a article27 
958 |a OND 
958 |a BX 
958 |a EUIPO 
999 |c 2945366  |d 2947296